[Event "Online Olym Div3 D"]
[Site "Chess.com INT"]
[Date "2020.08.08"]
[Round "4.1"]
[White "Boulaares, Adam"]
[Black "Rodriguez Rosich, Carlos"]
[Result "1-0"]
[WhiteElo "1861"]
[BlackElo "1574"]
[PlyCount "105"]
[EventDate "2020.08.07"]
[EventType "team-tourn (rapid)"]
[EventRounds "9"]
[EventCountry "USA"]
[SourceTitle "CBM 198"]
[Source "ChessBase"]
[SourceDate "2020.10.31"]
[SourceVersion "1"]
[SourceVersionDate "2020.10.31"]
[SourceQuality "1"]
[WhiteTeam "Tunisia"]
[BlackTeam "Puerto Rico"]
[WhiteTeamCountry "TUN"]
[BlackTeamCountry "PUR"]

1. e4 c5 2. Nc3 Nc6 3. g3 e6 4. Bg2 Nf6 5. d3 d5 6. f4 Be7 7. Bd2 a6 8. Nf3 b5 9. e5 Nd7 10. 0-0 Bb7 11. Qe2 Qb6 12. Kh1 h5 13. h3 0-0-0 14. f5 Rdf8 15. a4 b4 16. fxe6 fxe6 17. Nd1 h4 18. g4 Qc7 19. Re1 a5 20. c3 Ba6 21. Bg5 Bxg5 22. Nxg5 Ndxe5 23. Nxe6 Qd6 24. Nxf8 Rxf8 25. Nf2 Kd8 26. Qe3 Rxf2 27. Qxf2 Nxd3 28. Qxh4+ Kd7 29. Red1 d4 30. cxb4 cxb4 31. Rd2 Nce5 32. Qg5 Qe7 33. Qxe7+ Kxe7 34. Be4 Ke6 35. Rad1 Nc5 36. Bf5+ Kf6 37. Rxd4 Nb3 38. Rd6+ Kg5 39. Rxa6 Kf4 40. Rf1+ Kg3 41. g5 Nc5 42. Rxa5 Ncd3 43. Bxd3 Nxd3 44. Rd5 Nxb2 45. Rb5 Nxa4 46. Rxb4 Nc5 47. Rc4 Ne6 48. h4 g6 49. Ra1 Kf2 50. Rc3 Ke2 51. Ra2+ Kd1 52. Rg3 Nf4 53. Rg1# 1-0

[Event "Online Olym Div3 D"]
[Site "Chess.com INT"]
[Date "2020.08.07"]
[Round "1.4"]
[White "Salazar Olchowski, Gabriel Anton"]
[Black "Rodriguez Rosich, Carlos"]
[Result "1-0"]
[WhiteElo "2159"]
[BlackElo "1574"]
[PlyCount "133"]
[EventDate "2020.08.07"]
[EventType "team-tourn (rapid)"]
[EventRounds "9"]
[EventCountry "USA"]
[SourceTitle "CBM 198"]
[Source "ChessBase"]
[SourceDate "2020.10.31"]
[SourceVersion "1"]
[SourceVersionDate "2020.10.31"]
[SourceQuality "1"]
[WhiteTeam "Venezuela"]
[BlackTeam "Puerto Rico"]
[WhiteTeamCountry "VEN"]
[BlackTeamCountry "PUR"]

1. e4 c5 2. Nf3 d6 3. d4 cxd4 4. Nxd4 Nf6 5. Nc3 g6 6. Bg5 Bg7 7. Bb5+ Bd7 8. Qe2 a6 9. Bxd7+ Nbxd7 10. 0-0-0 0-0 11. f4 Qc7 12. Rhe1 Rfd8 13. e5 dxe5 14. fxe5 Nxe5 15. Qxe5 Qxe5 16. Rxe5 Ng4 17. Rd5 f6 18. Bd2 Rxd5 19. Nxd5 Rd8 20. c4 Kf7 21. Ba5 Rd7 22. Nf3 Bh6+ 23. Bd2 b5 24. Bxh6 Nxh6 25. c5 Nf5 26. g4 Ng7 27. c6 Rd8 28. Nb6 Rxd1+ 29. Kxd1 Ne8 30. Na8 e5 31. c7 Nd6 32. Nb6 e4 33. Nd4 h5 34. gxh5 gxh5 35. c8Q Nxc8 36. Nxc8 Kg6 37. Ke2 f5 38. Ke3 Kg5 39. Nd6 Kg4 40. N6xf5 Kh3 41. Kxe4 Kxh2 42. Kd5 Kg2 43. Kc6 a5 44. Kxb5 h4 45. Nxh4+ Kg3 46. Kxa5 Kxh4 47. Kb6 Kg5 48. a4 Kf6 49. a5 Ke7 50. a6 Kd7 51. a7 Ke7 52. a8Q Kd6 53. Qc6+ Ke5 54. Nb3 Kf5 55. Qd6 Ke4 56. Qc5 Kd3 57. Na5 Ke4 58. Qd6 Kf5 59. Qe6+ Kf4 60. Nc4 Kf3 61. Qe5 Kg4 62. Qf6 Kg3 63. Qf5 Kg2 64. Qf4 Kg1 65. Qd2 Kf1 66. Ne3+ Kg1 67. Qg2# 1-0

[Event "Pan American-ch School U15"]
[Site "Medellin"]
[Date "2019.11.17"]
[Round "9"]
[White "Rodriguez Rosich, Carlos"]
[Black "Escorcia Herrera, Flavio Fabrizio"]
[Result "1-0"]
[WhiteElo "1626"]
[BlackElo "1392"]
[PlyCount "93"]
[EventDate "2019.11.12"]
[EventType "swiss"]
[EventRounds "9"]
[EventCountry "COL"]
[SourceTitle "CBM 193 Extra"]
[Source "ChessBase"]
[SourceDate "2020.01.31"]
[SourceVersion "1"]
[SourceVersionDate "2020.01.31"]
[SourceQuality "1"]

1. e4 e5 2. Nf3 Nc6 3. Bc4 Nf6 4. d3 Bc5 5. c3 d6 6. 0-0 0-0 7. Bb3 a5 8. a4 Bb6 9. Nbd2 Be6 10. Bc2 Nd7 11. Re1 f5 12. exf5 Bxf5 13. h3 Qf6 14. Ne4 Bxe4 15. dxe4 h6 16. Be3 Ne7 17. Qd2 Ng6 18. Nh2 Nf4 19. Ng4 Qg6 20. Bxb6 Nxb6 21. Kh2 h5 22. Ne3 Kh8 23. g3 Ne6 24. h4 Qf6 25. Kg2 Qf3+ 26. Kg1 g6 27. Qe2 Qxe2 28. Rxe2 Rf3 29. Nd5 Nd7 30. Rd1 Raf8 31. Rd3 R3f7 32. Rdd2 Kg7 33. Bb3 Nec5 34. Ba2 Rf3 35. Nxc7 Kh6 36. Ne6 Nxe6 37. Bxe6 Nc5 38. Bc4 R3f6 39. Rd5 g5 40. hxg5+ Kxg5 41. f4+ Kg4 42. Re3 exf4 43. gxf4 Rxf4 44. Be2+ Rf3 45. Rxf3 Rxf3 46. Bxf3+ Kxf3 47. Rxc5 1-0

[Event "Pan American-ch School U15"]
[Site "Medellin"]
[Date "2019.11.14"]
[Round "5"]
[White "Hernandez Jimenez, Jeronimo"]
[Black "Rodriguez Rosich, Carlos"]
[Result "1-0"]
[WhiteElo "1768"]
[BlackElo "1626"]
[PlyCount "111"]
[EventDate "2019.11.12"]
[EventType "swiss"]
[EventRounds "9"]
[EventCountry "COL"]
[SourceTitle "CBM 193 Extra"]
[Source "ChessBase"]
[SourceDate "2020.01.31"]
[SourceVersion "1"]
[SourceVersionDate "2020.01.31"]
[SourceQuality "1"]

1. e4 c5 2. Nf3 g6 3. d4 Bg7 4. c4 d6 5. Nc3 Nc6 6. d5 Nd4 7. Be3 Bg4 8. Be2 Nxe2 9. Qxe2 Qa5 10. Bd2 Bh6 11. Bxh6 Nxh6 12. h3 Bxf3 13. Qxf3 0-0 14. 0-0 a6 15. Qe3 Kg7 16. f4 f6 17. Ne2 b5 18. f5 g5 19. e5 Rae8 20. e6 Ng8 21. h4 h6 22. h5 Qb6 23. cxb5 axb5 24. Rfc1 Ra8 25. a3 Qb7 26. Qd3 Rfc8 27. b3 Ra7 28. Nc3 Ra5 29. Qe2 Rca8 30. a4 b4 31. Ne4 Qb8 32. Qd3 R8a7 33. Nd2 Ra8 34. Nc4 R5a6 35. a5 Qc7 36. Ra4 Qb7 37. Rca1 Qb5 38. Kf2 Qb7 39. g4 R8a7 40. Nb6 Qb8 41. Ke3 Qc7 42. Ke4 Kf8 43. Qb5 Qd8 44. Kd3 Kg7 45. Kc4 Kf8 46. Qc6 Kg7 47. Qc8 Qxc8 48. Nxc8 Ra8 49. Kb5 Kf8 50. Nb6 R8a7 51. Nd7+ Ke8 52. Nb8 Kd8 53. Nxa6 Kc8 54. Nxb4 cxb4 55. Rc1+ Kb8 56. Rxb4 1-0

[Event "Pan American-ch U16"]
[Site "Guayaquil"]
[Date "2019.07.27"]
[Round "9"]
[White "Luna Urrutia, Alex Josue"]
[Black "Rodriguez Rosich, Carlos"]
[Result "1-0"]
[WhiteElo "1687"]
[BlackElo "1693"]
[PlyCount "101"]
[EventDate "2019.07.21"]
[EventType "swiss"]
[EventRounds "9"]
[EventCountry "ECU"]
[SourceTitle "EXT 2021"]
[Source "ChessBase"]
[SourceDate "2020.10.23"]
[SourceVersion "1"]
[SourceVersionDate "2020.10.23"]
[SourceQuality "1"]

1. e4 c5 2. Nf3 g6 3. d4 cxd4 4. Nxd4 Bg7 5. c4 Nc6 6. Be3 d6 7. Nc3 Nf6 8. Be2 0-0 9. 0-0 Bd7 10. Re1 Rc8 11. Rc1 a6 12. b3 Nxd4 13. Bxd4 Bc6 14. Bd3 Nd7 15. Bxg7 Kxg7 16. Qd2 Qa5 17. Re3 Qg5 18. Re2 Qxd2 19. Rxd2 Ne5 20. Be2 Rc7 21. Rcd1 h5 22. f4 Nd7 23. Bf3 Rfc8 24. e5 Bxf3 25. gxf3 Rc6 26. exd6 exd6 27. Rxd6 Nc5 28. Rxc6 Rxc6 29. Ne4 Ne6 30. Nd6 Nxf4 31. Nxb7 Ne2+ 32. Kf2 Nc3 33. Rd2 Rf6 34. Ke3 Rb6 35. Nc5 Rc6 36. b4 a5 37. a3 Nb1 38. Rd3 Kh6 39. Rb3 Nxa3 40. Rxa3 axb4 41. Ra5 Kg5 42. Nd3+ Kh4 43. c5 Kh3 44. Nxb4 Rc7 45. c6 Kxh2 46. Kf2 f6 47. Rc5 h4 48. Nd5 Ra7 49. Rc2 f5 50. c7 Rxc7 51. Rxc7 1-0

[Event "Pan American-ch U16"]
[Site "Guayaquil"]
[Date "2019.07.23"]
[Round "4"]
[White "Rodriguez Rosich, Carlos"]
[Black "Quizhpe Martinez, Angel"]
[Result "1-0"]
[WhiteElo "1693"]
[BlackElo "1529"]
[PlyCount "51"]
[EventDate "2019.07.21"]
[EventType "swiss"]
[EventRounds "9"]
[EventCountry "ECU"]
[SourceTitle "EXT 2020"]
[Source "ChessBase"]
[SourceDate "2019.10.17"]
[SourceVersion "1"]
[SourceVersionDate "2019.10.17"]
[SourceQuality "1"]

1. e4 c5 2. Nc3 Nc6 3. f4 g6 4. Nf3 Bg7 5. Bb5 e6 6. d3 Nge7 7. 0-0 0-0 8. Qe1 d6 9. Qh4 a6 10. Ba4 b5 11. Bb3 Nd4 12. f5 Nxb3 13. axb3 exf5 14. Bh6 fxe4 15. Ng5 Nf5 16. Rxf5 Bxf5 17. Bxg7 Kxg7 18. Qxh7+ Kf6 19. Nd5+ Kxg5 20. Rf1 Rh8 21. h4+ Kg4 22. Ne3+ Kg3 23. Nxf5+ gxf5 24. Qg7+ Kxh4 25. g3+ Kh5 26. Rxf5+ 1-0